Miesto a vplyv terciárneho vzdelávania v regionálnom rozvoji Slovenska

Aplikácia prístupov na hodnotenie kvality terciárneho vzdelávania pomocou Indexu kvality regionálneho vysokoškolského prostredia v podmienkach samosprávnych krajov SR. I keď hlavnú úlohu pri vyrovnávaní regionálnych rozdielov zohráva trh a konkurencia, štát a samospráva môžu celý proces zintenzívniť...

Descrizione completa

Salvato in:
Dettagli Bibliografici
Autore principale: Palaščáková, Daniela
Natura: Capitolo di libro
Lingua:slovacco
Soggetti:
Tags: Aggiungi Tag
Nessun Tag, puoi essere il primo ad aggiungerne!!

MARC

LEADER 00000naa a2200000 4500
001 0124263
005 20231012081430.4
041 0 |a slo 
044 |a SK 
245 1 0 |a Miesto a vplyv terciárneho vzdelávania v regionálnom rozvoji Slovenska  |c Daniela Palaščáková 
520 |a Aplikácia prístupov na hodnotenie kvality terciárneho vzdelávania pomocou Indexu kvality regionálneho vysokoškolského prostredia v podmienkach samosprávnych krajov SR. I keď hlavnú úlohu pri vyrovnávaní regionálnych rozdielov zohráva trh a konkurencia, štát a samospráva môžu celý proces zintenzívniť vytváraním vhodných podmienok na zvyšovanie kvality vysokoškolského prostredia aj v zaostávajúcich regiónoch. 
610 2 0 |a vzdelávanie terciárne 
610 2 0 |a rozvoj regionálny 
610 2 0 |a Slovensko 
610 2 0 |a kvalita 
100 1 |a Palaščáková, Daniela